Agrarwirtschaft Zeitschrift für Betriebswirtschaft, Marktforschung und Agrarpolitik

Enregistré dans:
Détails bibliographiques
Format: Publication en série
Langue:allemand
Publié: Frankfurt am M. Alfred Strothe
Tags: Ajouter un tag
Pas de tags, Soyez le premier à ajouter un tag!

MARC

LEADER 00000nas1a22000001 4500
001 s120070
005 20250725114233.1
041 0 |a ger 
044 |a DE 
245 1 0 |a Agrarwirtschaft  |b Zeitschrift für Betriebswirtschaft, Marktforschung und Agrarpolitik 
264 1 |a Frankfurt am M.  |b Alfred Strothe